Teoretické prístupy k optimálnemu zdaneniu spotreby bakalárska práca

Enregistré dans:
Détails bibliographiques
Auteur principal: Figeľová, Sára
Collectivité auteur: Národohospodárska fakulta EU. Katedra financií
Autres auteurs: Benko, Peter
Format: Livre
Langue:slovaque
Publié: Bratislava 2019
Tags: Ajouter un tag
Pas de tags, Soyez le premier à ajouter un tag!

MARC

LEADER 00000nbm a2200000 4500
001 0256522
005 20191030124636.9
041 0 |a slo 
044 |a SK 
245 1 0 |a Teoretické prístupy k optimálnemu zdaneniu spotreby  |b bakalárska práca  |c Sára Figeľová ; školiteľ: Peter Benko 
264 1 |a Bratislava  |c 2019 
300 |a 52 s. 
100 1 |a Figeľová, Sára 
700 1 |a Benko, Peter 
710 2 |a Národohospodárska fakulta EU. Katedra financií